|
|
|
|
| LEADER |
01655nam a2200421Ia 4500 |
| 001 |
EBC476227 |
| 003 |
MiAaPQ |
| 005 |
20200520144314.0 |
| 006 |
m o d | |
| 007 |
cr cn||||||||| |
| 008 |
090903s2009 dcuab sb i001 0 eng d |
| 010 |
|
|
|z 2009035877
|
| 020 |
|
|
|z 9780821380543
|
| 020 |
|
|
|a 9780821380819 (electronic bk.)
|
| 035 |
|
|
|a (MiAaPQ)EBC476227
|
| 035 |
|
|
|a (Au-PeEL)EBL476227
|
| 035 |
|
|
|a (CaPaEBR)ebr10347287
|
| 035 |
|
|
|a (CaONFJC)MIL233505
|
| 035 |
|
|
|a (OCoLC)550676405
|
| 040 |
|
|
|a MiAaPQ
|c MiAaPQ
|d MiAaPQ
|
| 050 |
|
4 |
|a HD9502.L32
|b L69 2009
|
| 082 |
0 |
4 |
|a 363.738/746098
|2 22
|
| 245 |
0 |
0 |
|a Low-carbon development
|h [electronic resource] :
|b Latin American responses to climate change /
|c Augusto de la Torre, Pablo Fajnzylber, and John Nash, editors.
|
| 260 |
|
|
|a Washington, D.C. :
|b World Bank,
|c c2009.
|
| 300 |
|
|
|a xiv, 200 p. :
|b ill., maps.
|
| 490 |
1 |
|
|a World Bank Latin American and Caribbean studies
|
| 504 |
|
|
|a Includes bibliographical references and index.
|
| 533 |
|
|
|a Electronic reproduction. Ann Arbor, MI : ProQuest, 2015. Available via World Wide Web. Access may be limited to ProQuest affiliated libraries.
|
| 650 |
|
0 |
|a Energy policy
|z Latin America.
|
| 650 |
|
0 |
|a Carbon dioxide mitigation
|z Latin America.
|
| 650 |
|
0 |
|a Climatic changes
|z Latin America.
|
| 655 |
|
4 |
|a Electronic books.
|
| 700 |
1 |
|
|a Torre, Augusto de la.
|
| 700 |
1 |
|
|a Fajnzylber, Pablo.
|
| 700 |
1 |
|
|a Nash, John,
|d 1953-
|
| 710 |
2 |
|
|a ProQuest (Firm)
|
| 830 |
|
0 |
|a World Bank Latin American and Caribbean studies.
|
| 856 |
4 |
0 |
|u https://ebookcentral.proquest.com/lib/matrademy/detail.action?docID=476227
|z Click to View
|